Kysak

Bibliographic Details
Format: Photo
Language:Slovak
PhysicalDescription:1 pohľadnica (5 čiastkových pohľadov) tieňovaná 9 x 14 cm
Published: Bratislava Kriváň 1910
Subjects:

MARC

LEADER 00000ckm a2200000 a 4500
001 vtls010267739
003 SK-MaSNL
005 20260301031630.0
007 kf bo
008 231206s1910 xo g knslo
035 |a 003F99BC-DBBA-41AB-BD8C-90F6FE164389 
035 |a urn:nbn:sk:snk-kmxvpa 
035 |a urn:nbn:sk:snk-km003rlb 
040 |a SNK  |b slo  |c SNK  |e AACR2 
041 0 |a slo 
043 |a e-xo--- 
044 |a xo  |c SK 
080 |a 913(437.6)  |2 2001 
080 |a (084.121)  |2 2001 
245 0 0 |a Kysak  |h grafika 
260 |a Bratislava  |b Kriváň  |c 1910 
300 |a 1 pohľadnica (5 čiastkových pohľadov)  |b tieňovaná  |c 9 x 14 cm 
651 7 |a Kysak (Slovensko)  |2 SNKPH  |9 29831 
655 7 |a miestne pohľadnice  |2 SNKPH  |9 70510 
852 |a Slovenská národná knižnica 
958 |a GC 
958 |a GBN 
958 |a ONDV 
999 |c 577029  |d 578959 
952 |a SNK  |b SNK  |y PREZ  |7 0  |p 17A0692981  |o snkSP 1641  |i snk363/86  |0 0  |1 0  |4 0  |d 2011-04-01  |f 1  |l 0  |r 2026-02-23 14:37:08  |w 2026-02-23